| 000 | 004340000a22001810004500 | ||
|---|---|---|---|
| 003 | MACL | ||
| 005 | 20151003161105.0 | ||
| 008 | 151003b xxu||||| |||| 00| 0 eng d | ||
| 040 |
_aMACL _cMACL |
||
| 041 | _aEnglish | ||
| 082 | _a910 | ||
| 100 |
_aPhadnis, Urmila _913564 |
||
| 245 | _aSri Lanka | ||
| 260 |
_bNational Books Trust _c1973 _aNew Delhi |
||
| 350 | _a6.75 | ||
| 650 |
_aGeography & Travel _913565 |
||
| 942 |
_cBK _k910 _2ddc |
||
| 999 |
_c6683 _d6683 |
||